| 000 | 00574nam a22001577a 4500 | ||
|---|---|---|---|
| 999 |
_c534763 _d534763 |
||
| 020 | _qHard Cover. | ||
| 082 | _a624.1 | ||
| 100 | _aMuhammad Hasnain | ||
| 245 |
_aBest-Value Contract Award Mechanism: _bA Multi-Criteria Decision Making Model for Construction Projects / _cMuhammad Hasnain. |
||
| 260 |
_aIslamabad: _bSCEE - NUST, _c2015. |
||
| 300 |
_a143 p. : _bill. ; _c30cm. |
||
| 942 |
_2ddc _cTHE |
||
| 650 |
_aConstruction Engineering and Management MS-Thesis. _917023 |
||
| 700 |
_aDr. Muhammad Jamaluddin _929091 |
||